000 00661nam a22002057a 4500
003 OSt
005 20260224035246.0
008 260224b |||||||| |||| 00| 0 eng d
020 _a971-08-6002-X.
040 _aDWC-Main lib
_cOC
082 _24th edition
_aFil. 658.32 M672 1999
100 _aMiranda, Gregorio S.
245 _aWage amd salary administration
_cGregorio S. Miranda
260 _aMandaluyong City :
_bNational Book Store,
_cc1999.
300 _axviii, 243 pages ;
_c22 cm.
504 _aIncludes bibliographical references.
650 _a1. Salaries, wages etc.
700 _aMiranda-Gow, Carmelita
942 _2ddc
_cBK - FIL
_e4th ed.
_kFil.
_n0
999 _c8512
_d8512